000 01346nam a2200337 a 4500
001 000111467
003 CHAP
005 20220329144212.0
008 150511s2015 mx a fsm |||||||spa d
010 _a107929
011 _a108901
040 _cCHAP
090 _aTesis
100 1 _aMexicano Niño, Jaime Omar
_9129343
245 1 0 _aGeneración de remesas del programa de trabajadores agrícolas temporales (PTAT), entre México y Canadá, en la provincia de Quebec. 2007-2013
_h[En línea]
_cpor Jaime Omar Mexicano Niño.
260 _aChapingo, Méx. :
_bEl autor,
_c2015.
500 _aPara ver el contenido del material haga clic en la liga
502 _aTesis (Lic. en Comercio Internacional de Productos Agropecuarios) -- UACH. División de Ciencias Económico Administrativas
590 _aBATCH-UPD
_b05
_c20161021
_lUCH01
_h1241
590 _aE6096MTM
_b05
_c20150511
_lUCH01
_h1143
590 _aE6096MTM
_b05
_c20150511
_lUCH01
_h1144
650 1 4 _aAgricultura
_xTrabajadores.
_91840
650 1 4 _aCooperación agrícola internacional.
_927767
650 1 4 _aEmigración e inmigración.
_936517
650 1 4 _aIngresos
_zMéxico.
_958408
650 1 4 _aTrabajadores migratorios
_zMéxico.
_9114481
856 _aFinding aid
_uhttp://10.13.5.2/tesis/sist111467.pdf
_zTeclea aquí
901 _aBK
942 _cTESIS
942 _n0
999 _c107929
_d107929